| 000 | 00398nam a2200145Ia 4500 | ||
|---|---|---|---|
| 008 | 200619s9999 xx 000 0 und d | ||
| 020 | _a978-0-279-75768-9 | ||
| 100 | _aBlythe, Jim | ||
| 245 |
_cJim Blythe.-- _aEssentials of marketing/ |
||
| 250 | _a5th ed. | ||
| 260 |
_aEngland : _bPearson Education Limited _c2012 |
||
| 300 | _axx, 340 pages | ||
| 500 | _aIncludes Index | ||
| 650 | _aMarketing | ||
| 999 |
_c363723 _d363723 |
||